000 00586 a2200181 4500
003 OSt
005 20231110132804.0
008 231110b |||||||| |||| 00| 0 eng d
020 _a9960850226
040 _coclc
082 _a297.22
_bATH/I
100 1 _aAtharī, ʻAbd Allāh ibn ʻAbd al-Ḥamīd
_99890
245 _aIslamic beliefs :
_ba brief introduction to the ʻaqīdah of ahl as-Sunnah wal-jamāʻah /
_cAbdullah al-Athari
250 _a2nd ed.
260 _aRiyadh:
_bIIPH
_c2005
300 _a247p
942 _2ddc
_cBK
_h297.22
_iATH/I
_k297.22
_mATH/I
999 _c43028
_d43028